000 00851cab a2200265 4500
001 ABS44468
008 090401t1991 xxu||||| |||| 00| 0 eng d
035 _a(Sirsi) u47303
041 _aeng
100 _aDollar, P.
245 _aSection 2: more bark than bite?
260 _c1991
350 _a0
490 _aEstates Gazette
_v(9115) 20 April 1991, 86-87 (2)
520 _aTwo approaches to Law of Property (Miscellaneous Provisions) Act 1989 are discussed here; strict compliance with the new rules on contract for the sale of an interest in land or a "common-sense" approach.
650 _aFACILITY LETTERS
650 _aOPTIONS
650 _aSIDE LETTERS
650 _aSUBJECT TO CONTRACT
650 _aTITLE DEEDS
690 _aPROPERTY LAW AND PRACTICE
700 _aMcGee-Osborne, C.
942 _n0
948 _c04/03/1997
999 _c29833
_d29833